[Event "WY Boys-U14"]
[Site "Porto Carras GRE"]
[Date "2010.10.26"]
[Round "7.5"]
[White "Drozdowski, Kacper"]
[Black "Adelberg, David"]
[Result "1/2-1/2"]
[WhiteTitle "FM"]
[WhiteElo "2303"]
[BlackElo "2201"]
[WhiteFideId "1136720"]
[BlackFideId "2034778"]
[EventDate "2010.10.20"]

1. e4 c5 2. Nf3 d6 3. d4 cxd4 4. Qxd4 a6 5. c4 Nc6 6. Qe3 Nf6 7. h3 e6 8. Be2
Be7 9. O-O O-O 10. Nc3 Qc7 11. b3 Re8 12. Bb2 b6 13. Rac1 Ne5 14. Nd4 Bb7 15.
Rfd1 Bf8 16. Bf1 Rad8 17. Nde2 Ned7 18. Qf4 Qb8 19. Ng3 Ne5 20. Na4 Bc6 21. Nc3
Ng6 22. Qf3 Qa8 23. Qe3 Qb8 24. Qd3 Bb7 25. Qc2 d5 26. cxd5 exd5 27. exd5 Nxd5
28. Nxd5 Bxd5 29. Qc3 b5 30. Nf5 b4 31. Qc7 Qxc7 32. Rxc7 Be6 33. Rxd8 Rxd8 34.
Nd4 Bd5 35. Ra7 Bc5 36. Rc7 Bb6 37. Rc1 Bb7 38. Rc4 a5 39. Nc6 Rd1 40. g3 h6 41.
Bd4 Bxd4 42. Rxd4 Rxd4 43. Nxd4 Ne7 44. f4 Be4 45. Kf2 Nd5 46. Nc6 Nc3 47. Nxa5
Nxa2 48. Ke3 Bd5 49. Kd4 Be6 50. Kc5 g5 51. h4 gxf4 52. gxf4 Kg7 53. Bc4 Kf6 54.
Nc6 Kf5 55. Nxb4 Nc1 56. Nd5 Bxd5 57. Kxd5 Na2 58. Kd6 f6 59. Ke7 Kxf4 60. Kxf6
Kg4 61. Kg6 1/2-1/2

[Event "WY Boys-U14"]
[Site "Porto Carras GRE"]
[Date "2010.10.26"]
[Round "7.6"]
[White "Bluebaum, Matthias"]
[Black "Bortnik, Alexandr"]
[Result "0-1"]
[WhiteElo "2191"]
[BlackElo "2302"]
[WhiteFideId "24651516"]
[BlackFideId "14120828"]
[EventDate "2010.10.20"]

1. d4 f5 2. g3 Nf6 3. Bg2 g6 4. Nf3 Bg7 5. O-O O-O 6. b3 d6 7. Bb2 c6 8. Nbd2 a5
9. a3 Kh8 10. c4 Ne4 11. Qc2 d5 12. cxd5 cxd5 13. Ne5 Be6 14. Nd3 Nd7 15. Nc5
Rc8 16. Ndxe4 dxe4 17. Rac1 Qb6 18. Qd2 Nxc5 19. dxc5 Qxb3 20. Bxg7+ Kxg7 21.
Qxa5 Kf7 22. Rb1 Qc4 23. Rfc1 Qxe2 24. Bf1 Qg4 25. Rxb7 e3 26. Qe1 Bd5 27. Rd7
Bc6 28. Bc4+ Ke8 29. Be2 exf2+ 30. Kxf2 Qe4 31. Rd3 f4 32. Bf3 fxg3+ 0-1

[Event "WY Boys-U14"]
[Site "Porto Carras GRE"]
[Date "2010.10.26"]
[Round "7.7"]
[White "Lamard, Guillaume"]
[Black "Santos Latasa, Jaime"]
[Result "1-0"]
[WhiteTitle "FM"]
[WhiteElo "2186"]
[BlackElo "2263"]
[WhiteFideId "600261"]
[BlackFideId "2293307"]
[EventDate "2010.10.20"]

1. g3 Nf6 2. Bg2 d5 3. d3 g6 4. Nd2 Bg7 5. e4 e5 6. Ngf3 Nc6 7. O-O O-O 8. c3 a5
9. a4 h6 10. exd5 Nxd5 11. Nc4 Bf5 12. Re1 Re8 13. Ra3 Nb6 14. Nxb6 cxb6 15. Bf1
Kh7 16. Be3 Be6 17. Nd2 Bf8 18. Rb3 Bxb3 19. Qxb3 Qe7 20. Bxb6 Bg7 21. d4 Qd7
22. d5 Ne7 23. Bg2 f5 24. Qb5 Qxb5 25. axb5 e4 26. d6 Nd5 27. Bc7 Nxc7 28. dxc7
Be5 29. b6 Rec8 30. Nxe4 Bxc7 31. Nf6+ Kg7 32. bxc7 Kxf6 33. Bxb7 Rf8 34. Bxa8
Rxa8 35. Ra1 Rc8 36. Rxa5 Rxc7 37. Rb5 Rd7 38. c4 Rd2 39. b4 Rc2 40. Rc5 g5 41.
b5 1-0

[Event "WY Boys-U14"]
[Site "Porto Carras GRE"]
[Date "2010.10.26"]
[Round "7.8"]
[White "Izzat, Kanan Azar oglu"]
[Black "Georgiadis, Nico"]
[Result "1-0"]
[WhiteElo "2139"]
[BlackElo "2262"]
[WhiteFideId "13405209"]
[BlackFideId "1300113"]
[EventDate "2010.10.20"]

1. d4 Nf6 2. c4 c5 3. d5 b5 4. cxb5 a6 5. b6 d6 6. Nc3 g6 7. Nf3 Nbd7 8. e4 Bg7
9. Be2 O-O 10. O-O Rb8 11. a4 Qxb6 12. Nd2 Qa7 13. a5 Ne8 14. Nc4 Nc7 15. Na4
Nb5 16. Nab6 Nd4 17. Be3 Nxb6 18. Nxb6 Nxe2+ 19. Qxe2 Bd7 20. Rfe1 Bb5 21. Qd2
Rfe8 22. Rac1 e6 23. b4 cxb4 24. Qxb4 Qe7 25. Bf4 Rbd8 26. Qd2 e5 27. Be3 f5 28.
f3 fxe4 29. fxe4 Rf8 30. h3 Rf7 31. Rc8 Rxc8 32. Nxc8 Qf8 33. Rc1 h5 34. Kh2 Kh7
35. Na7 Bd7 36. Nc6 h4 37. Rb1 Rf1 38. Rb7 Ra1 39. Qf2 Qxf2 40. Bxf2 Be8 41. Re7
Ra2 42. Bxh4 g5 43. Bxg5 Kg6 44. Rxe8 Kxg5 45. Rg8 Kf6 46. Rd8 Bh6 47. Rxd6+ Kg7
48. h4 Re2 49. Ne7 Bf4+ 50. Kh3 Rxe4 51. Nf5+ Kf7 52. Rxa6 Ra4 53. h5 e4 54. h6
Be5 55. Re6 Bh8 56. Nd6+ Kg8 57. Nxe4 1-0

[Event "WY Boys-U14"]
[Site "Porto Carras GRE"]
[Date "2010.10.26"]
[Round "7.9"]
[White "Boruchovsky, Avital"]
[Black "Chu, Wei Chao"]
[Result "1-0"]
[WhiteElo "2250"]
[BlackElo "2075"]
[WhiteFideId "2800055"]
[BlackFideId "8605661"]
[EventDate "2010.10.20"]

1. e4 c5 2. c3 d5 3. exd5 Qxd5 4. d4 Nc6 5. Nf3 Bg4 6. Be2 e6 7. h3 Bh5 8. c4
Qd6 9. d5 Bxf3 10. Bxf3 Qe5+ 11. Be3 O-O-O 12. Nc3 Nf6 13. O-O Nd4 14. Bxd4 Qxd4
15. Qa4 Bd6 16. Rfd1 Qf4 17. Qxa7 Rhe8 18. Qa8+ Bb8 19. d6 Rd7 20. Na4 1-0

[Event "WY Boys-U14"]
[Site "Porto Carras GRE"]
[Date "2010.10.26"]
[Round "7.13"]
[White "Sahoo, Utkal Ranjan"]
[Black "Csonka, Balazs"]
[Result "0-1"]
[WhiteElo "2213"]
[BlackElo "2263"]
[WhiteFideId "5034566"]
[BlackFideId "742910"]
[EventDate "2010.10.20"]

1. e4 c6 2. Nf3 d5 3. Nc3 Bg4 4. h3 Bxf3 5. Qxf3 e6 6. d4 dxe4 7. Qxe4 Nf6 8.
Qd3 Nbd7 9. Be2 Be7 10. O-O O-O 11. Bf3 Qc7 12. Ne4 Nxe4 13. Qxe4 Nf6 14. Qe2
Rfd8 15. c3 Rac8 16. Be3 h6 17. Qc2 Bd6 18. Rae1 Bh2+ 19. Kh1 Bf4 20. Bxf4 Qxf4
21. Re2 Qc7 22. Rfe1 b6 23. Rd2 Rd7 24. c4 Rcd8 25. Red1 a5 26. a4 c5 27. d5
exd5 28. cxd5 Ne8 29. Re2 Nd6 30. Rde1 Qb8 31. Bg4 Ra7 32. Qd3 Re8 33. Rxe8+
Nxe8 34. Qb5 Nd6 35. Qc6 Qd8 36. Re3 Rb7 37. Bf5 g6 38. Bg4 h5 39. Bf3 Rb8 40.
Rb3 c4 41. Rb5 Nxb5 42. Qxb5 Rc8 43. g3 Rc5 44. Qa6 Qf6 45. Kg2 Kg7 46. h4 Qxb2
47. d6 Qd4 48. Qxb6 Rd5 49. Qc7 Rxd6 50. Qxa5 c3 51. Qc7 Qd2 52. Be4 Rf6 53. Qc5
Qe2 54. Qe3 Qxe3 55. fxe3 Rc6 56. Bc2 Rb6 0-1

[Event "WY Boys-U14"]
[Site "Porto Carras GRE"]
[Date "2010.10.26"]
[Round "7.14"]
[White "Amstadt, Aron"]
[Black "Gagare, Shardul"]
[Result "1/2-1/2"]
[BlackTitle "FM"]
[WhiteElo "2262"]
[BlackElo "2194"]
[WhiteFideId "736007"]
[BlackFideId "5037883"]
[EventDate "2010.10.20"]

1. Nf3 c5 2. e3 g6 3. d4 cxd4 4. exd4 d5 5. c4 Nf6 6. Nc3 Bg7 7. Be2 O-O 8. O-O
Nc6 9. h3 Bf5 10. Bf4 Rc8 11. Rc1 dxc4 12. Bxc4 Nb4 13. Qe2 Nbd5 14. Be5 Be6 15.
Bb3 Bh6 16. Nd2 Nxc3 17. bxc3 Bxb3 18. axb3 Nd5 19. c4 Nf4 20. Bxf4 Bxf4 21. Qd3
Rc7 22. Ra1 b6 23. Nf3 Bh6 24. Ra6 Bg7 25. Qe4 Qb8 26. Ne5 Bxe5 27. Qxe5 Rd7 28.
Rfa1 Rfd8 29. Qxb8 Rxb8 30. Rxa7 Rxd4 31. Rxe7 Rd3 32. Raa7 Rf8 33. b4 Rd4 34.
Rec7 b5 35. cxb5 Rxb4 36. Rab7 Rf4 37. g3 Rf6 38. Rc2 Rd8 39. Rb2 Rdd6 40. Rb8+
Kg7 41. b6 h5 42. b7 Rb6 43. Rd2 Rb1+ 44. Kg2 Rfb6 45. Rd7 R1b3 46. h4 R6b4 1/2-1/2

[Event "WY Boys-U14"]
[Site "Porto Carras GRE"]
[Date "2010.10.26"]
[Round "7.15"]
[White "Cuellar, Diego"]
[Black "Grib, Roman"]
[Result "0-1"]
[WhiteTitle "FM"]
[WhiteElo "2133"]
[BlackElo "2250"]
[WhiteFideId "3803830"]
[BlackFideId "13506706"]
[EventDate "2010.10.20"]

1. e4 c5 2. Nc3 Nc6 3. f4 g6 4. Nf3 Bg7 5. Bb5 Nd4 6. O-O a6 7. Bc4 b5 8. Bd5
Rb8 9. d3 e6 10. Bb3 Ne7 11. Nxd4 Bxd4+ 12. Kh1 d5 13. Ne2 Bg7 14. c3 dxe4 15.
dxe4 Bb7 16. Bc2 O-O 17. Be3 Qc7 18. Qe1 Nc8 19. Qf2 Nd6 20. e5 Nc4 21. Bxc5
Nxb2 22. Bxf8 Bxf8 23. Qg3 Rd8 24. Nd4 b4 25. f5 exf5 26. Bb3 Qxc3 27. Nxf5 Qxg3
28. Nxg3 Rd2 29. Rxf7 Bxg2+ 30. Kg1 Bc5+ 31. Rf2+ Kg7 32. Kxg2 Rxf2+ 33. Kh3 Nd3
34. Ne4 Re2 35. Ng3 Rxe5 36. Kg2 Nf4+ 37. Kf3 Ne6 38. Ne4 Nd4+ 39. Kf4 Rf5+ 40.
Kg3 Ne2+ 41. Kg2 Nc3 42. Ng3 Rf2+ 43. Kh3 Bd6 44. Re1 a5 45. Re6 Rf6 46. Rxf6
Kxf6 0-1

[Event "WY Boys-U14"]
[Site "Porto Carras GRE"]
[Date "2010.10.26"]
[Round "7.16"]
[White "Aripov, Iskandar"]
[Black "Tran, Tuan Minh"]
[Result "0-1"]
[BlackTitle "FM"]
[WhiteElo "2093"]
[BlackElo "2227"]
[WhiteFideId "14202395"]
[BlackFideId "12401820"]
[EventDate "2010.10.20"]

1. e4 e6 2. Nf3 d5 3. Nc3 Nf6 4. e5 Nfd7 5. d4 b6 6. Bg5 Be7 7. h4 h6 8. Bxe7
Qxe7 9. Qd2 Bb7 10. Rh3 Nc6 11. Bb5 a6 12. Bxc6 Bxc6 13. Rg3 g6 14. h5 g5 15.
Nh2 O-O-O 16. O-O-O b5 17. a3 Bb7 18. f4 Rdg8 19. Rf1 Nb6 20. fxg5 Rxg5 21. Rxg5
hxg5 22. g4 Nc4 23. Qf2 b4 24. axb4 Qxb4 25. Nd1 Qa5 26. c3 Qa1+ 27. Kc2 Bc6 28.
Ne3 Qxb2+ 29. Kd3 Nd2 30. Qxd2 Bb5+ 31. Nc4 Bxc4+ 32. Ke3 Qxd2+ 33. Kxd2 Bxf1
34. Nxf1 Kd7 35. Nh2 a5 36. Kc2 Rb8 37. Nf3 a4 38. h6 Rh8 39. Nxg5 Rxh6 40. Nxf7
Rg6 0-1

[Event "WY Boys-U14"]
[Site "Porto Carras GRE"]
[Date "2010.10.27"]
[Round "8.1"]
[White "Boruchovsky, Avital"]
[Black "Laurusas, Tomas"]
[Result "1-0"]
[WhiteElo "2250"]
[BlackElo "2291"]
[WhiteFideId "2800055"]
[BlackFideId "12803731"]
[EventDate "2010.10.20"]

1. e4 c5 2. c3 d5 3. exd5 Qxd5 4. d4 Nf6 5. Nf3 e6 6. Bd3 Nc6 7. O-O Be7 8. Be3
cxd4 9. cxd4 O-O 10. Nc3 Qd6 11. a3 b6 12. Bc2 Ba6 13. Re1 Rfd8 14. Rc1 Rac8 15.
Qd2 Na5 16. Bf4 Qd7 17. Bg5 g6 18. Ba4 Qb7 19. Qf4 Nh5 20. Qh4 Bxg5 21. Nxg5 Qe7
22. Qg4 Nf6 23. Qh4 Kg7 24. Nxh7 Rc4 25. Rcd1 Nd5 26. Ng5 Rh8 27. Nxd5 Rxh4 28.
Nxe7 Rxa4 29. d5 exd5 30. Nxd5 Rad4 31. Nf3 Rxd1 32. Rxd1 Re4 33. Ne3 Be2 34.
Rd7 Bxf3 35. gxf3 Re5 36. Rxa7 Rb5 37. b4 Nc6 38. Rb7 Nd4 39. Kg2 Rg5+ 40. Kf1
b5 41. f4 Rh5 42. Kg2 Rh8 43. Rd7 Ne2 44. Kf3 Nc3 45. Ng4 Ra8 46. Ne5 Rxa3 47.
Rxf7+ Kg8 48. Rb7 Rb3 49. Nxg6 Rxb4 50. h4 Rb1 51. Kg4 Ne4 52. f3 Rg1+ 53. Kh5
Nd6 54. Rb6 Rd1 55. f5 Kg7 56. Kg5 Nf7+ 57. Kf4 Rd4+ 58. Ke3 Rd5 59. Ke4 Rc5 60.
Nf4 Re5+ 61. Kd3 Rxf5 62. Ne6+ Kh7 63. f4 Nh6 64. Ng5+ Kg7 65. Ke4 Rf6 66. Rxb5
Ra6 67. h5 Ra4+ 68. Kf3 Ra3+ 69. Kg2 Ra6 70. Kg3 Ra3+ 71. Kh4 Ra6 72. Rb7+ Kg8
73. Ne4 Re6 74. Nc5 Rc6 75. Nd3 Ra6 76. Ne5 Nf5+ 77. Kg5 Nd6 78. Re7 Ne4+ 79.
Kf5 Nd6+ 80. Kg4 Ne4 81. Ng6 Nd6 82. Re6 Kf7 83. f5 Kg7 84. Nf4 Kg8 85. h6 Kh7
86. Kh5 Ra4 87. Re7+ 1-0

[Event "WY Boys-U14"]
[Site "Porto Carras GRE"]
[Date "2010.10.27"]
[Round "8.3"]
[White "Bortnik, Alexandr"]
[Black "Izzat, Kanan Azar oglu"]
[Result "0-1"]
[WhiteElo "2302"]
[BlackElo "2139"]
[WhiteFideId "14120828"]
[BlackFideId "13405209"]
[EventDate "2010.10.20"]

1. e4 c6 2. d4 d5 3. exd5 cxd5 4. c4 Nf6 5. Nc3 Nc6 6. Nf3 Bg4 7. cxd5 Nxd5 8.
Bc4 e6 9. O-O Be7 10. Nxd5 exd5 11. Be2 O-O 12. h3 Bh5 13. Be3 Bf6 14. Rc1 Qb6
15. g4 Bg6 16. g5 Be7 17. Nh4 Bd6 18. Bf3 Ne7 19. Qe2 Be4 20. Bxe4 dxe4 21. b3
Rfe8 22. Rc4 Rad8 23. Qg4 Nd5 24. Nf5 Bb8 25. Re1 g6 26. Nh6+ Kg7 27. Qh4 Qe6
28. Ng4 Bd6 29. Bd2 Qf5 30. Qh6+ Kg8 31. Bb4 Bf4 32. Rc5 Bxg5 33. Bd2 Bxh6 34.
Nxh6+ Kg7 35. Nxf5+ gxf5 36. Kh2 Re6 37. Bg5 Rd7 38. Rc8 h6 39. Bh4 f4 40. Rg1+
Rg6 41. Rgc1 e3 42. Re8 Re6 43. Rxe6 fxe6 44. Kg2 Kg6 45. Kf3 Kh5 46. fxe3 Kxh4
47. e4 Nb4 48. Rc4 Nc6 49. Kxf4 Rxd4 0-1

[Event "WY Boys-U14"]
[Site "Porto Carras GRE"]
[Date "2010.10.27"]
[Round "8.7"]
[White "Shiven, Khosla"]
[Black "Tran, Tuan Minh"]
[Result "1-0"]
[BlackTitle "FM"]
[WhiteElo "2354"]
[BlackElo "2227"]
[WhiteFideId "5026415"]
[BlackFideId "12401820"]
[EventDate "2010.10.20"]

1. e4 e6 2. d4 d5 3. Nd2 h6 4. Bd3 c5 5. dxc5 Bxc5 6. Ngf3 Nf6 7. Qe2 Nc6 8. O-O
O-O 9. c3 Qc7 10. e5 Nd7 11. Nb3 f6 12. Bf4 Bb6 13. Bb5 Ncxe5 14. Kh1 a6 15.
Bxd7 Bxd7 16. Nxe5 fxe5 17. Bxe5 Qd8 18. f4 Rf7 19. Rf3 Bb5 20. Qc2 Bc7 21. Nd4
Bxe5 22. fxe5 Rxf3 23. gxf3 Qg5 24. Re1 Rf8 25. Nxe6 Qh5 26. Nxf8 Qxf3+ 27. Qg2
Qxf8 28. Kg1 Bc6 29. e6 Qe7 30. Qg3 Kh7 31. Qd3+ Kh8 32. Qf5 Qc5+ 33. Qf2 Qe7
34. Re5 Kh7 35. Qe3 g6 36. b4 h5 37. Qd4 Kh6 38. Qc5 Qh4 39. Qe3+ Kg7 40. Qd4
Qxd4+ 41. cxd4 Kf6 42. e7 Kf7 43. h4 Ke8 44. Kf2 1-0

[Event "WY Boys-U14"]
[Site "Porto Carras GRE"]
[Date "2010.10.27"]
[Round "8.8"]
[White "Javanbakht, Nima"]
[Black "Drozdowski, Kacper"]
[Result "1-0"]
[BlackTitle "FM"]
[WhiteElo "2204"]
[BlackElo "2303"]
[WhiteFideId "12510670"]
[BlackFideId "1136720"]
[EventDate "2010.10.20"]

1. d4 Nf6 2. c4 g6 3. Nc3 d5 4. Bf4 Bg7 5. e3 O-O 6. Nf3 c5 7. dxc5 Qa5 8. Rc1
Rd8 9. Qa4 Qxc5 10. Be2 Ne4 11. O-O Nxc3 12. bxc3 Nd7 13. Rfd1 Nb6 14. Qb4 Qxb4
15. cxb4 Bf5 16. c5 Nc4 17. Nd4 Bd7 18. Bc7 Rdc8 19. Bg3 b5 20. c6 Bxc6 21. Nxc6
Rxc6 22. Rxd5 Nxe3 23. Rdc5 Rxc5 24. bxc5 Nf5 25. Bxb5 Nxg3 26. hxg3 Be5 27. Re1
Bd4 28. c6 Kf8 29. Ba6 Bb6 30. Rb1 Ba5 31. Rb7 Rd8 32. c7 Rd1+ 33. Bf1 Bxc7 34.
Rxc7 a6 35. Ra7 1-0

[Event "WY Boys-U14"]
[Site "Porto Carras GRE"]
[Date "2010.10.27"]
[Round "8.9"]
[White "Adelberg, David"]
[Black "Alekseenko, Kirill"]
[Result "0-1"]
[BlackTitle "FM"]
[WhiteElo "2201"]
[BlackElo "2284"]
[WhiteFideId "2034778"]
[BlackFideId "4135539"]
[EventDate "2010.10.20"]

1. d4 Nf6 2. c4 e6 3. Nf3 b6 4. g3 Ba6 5. b3 Bb4+ 6. Bd2 Be7 7. Bg2 d5 8. cxd5
exd5 9. O-O O-O 10. Nc3 Bb7 11. Bf4 Nbd7 12. Ne5 Re8 13. Rc1 c6 14. Qc2 Nh5 15.
Qf5 Nxe5 16. Qxh5 Ng6 17. Bd2 Nf8 18. Rfd1 g6 19. Qf3 f5 20. Qd3 Ne6 21. Rb1 a5
22. Bc1 h5 23. a3 Bf6 24. e3 Ba6 25. Qc2 h4 26. b4 hxg3 27. hxg3 axb4 28. axb4
Nc7 29. Kh2 Kg7 30. Rh1 Bc4 31. Bb2 Rh8+ 32. Kg1 Rxh1+ 33. Bxh1 b5 34. Ne2 Be7
35. Bc3 Ra2 36. Rb2 Ra1+ 37. Nc1 Qa8 38. Bf3 Qa3 39. Kg2 Qa8 40. Bd1 Ne6 41. Nb3
Bxb3 42. Rxb3 Ra6 43. f4 Nc7 44. g4 Kf6 45. Qf2 Qh8 46. Be1 Ke6 47. Rb2 Ne8 48.
Ra2 Rxa2 49. Qxa2 Nc7 50. Qa7 Kd7 51. Qa1 Qf8 52. Be2 Bxb4 53. Bxb4 Qxb4 54. Qc1
Ne8 55. Qh1 Qe7 56. Qh3 Nd6 57. Bd3 Qf7 58. Kf3 Kc7 59. Qh1 Kb7 60. Qg2 Kb6 61.
g5 Qa7 62. Qc2 Qa3 63. Kg2 b4 64. Kf3 b3 65. Qb1 Nb5 66. Bxf5 gxf5 67. Qxf5 b2
68. g6 Nxd4+ 0-1

[Event "WY Boys-U14"]
[Site "Porto Carras GRE"]
[Date "2010.10.27"]
[Round "8.10"]
[White "Csonka, Balazs"]
[Black "Nasuta, Grzegorz"]
[Result "0-1"]
[WhiteElo "2263"]
[BlackElo "2130"]
[WhiteFideId "742910"]
[BlackFideId "1141686"]
[EventDate "2010.10.20"]

1. d4 Nf6 2. c4 g6 3. f3 d5 4. cxd5 Nxd5 5. e4 Nb6 6. Nc3 Bg7 7. Be3 O-O 8. Qd2
c6 9. h4 e5 10. d5 cxd5 11. exd5 N8d7 12. h5 Nf6 13. hxg6 fxg6 14. O-O-O Bd7 15.
Nh3 Rc8 16. Kb1 Na4 17. Nxa4 Bxa4 18. b3 Bd7 19. Ng5 Qe8 20. Bd3 b6 21. g4 e4
22. Bxe4 Nxe4 23. fxe4 Bxg4 24. Qh2 h5 25. Rdg1 Bf3 0-1

[Event "WY Boys-U14"]
[Site "Porto Carras GRE"]
[Date "2010.10.27"]
[Round "8.11"]
[White "Santos Latasa, Jaime"]
[Black "Flermoen, Peter"]
[Result "1-0"]
[WhiteElo "2263"]
[BlackElo "2155"]
[WhiteFideId "2293307"]
[BlackFideId "1507303"]
[EventDate "2010.10.20"]

1. e4 c5 2. Nf3 Nc6 3. d4 cxd4 4. Nxd4 g6 5. c4 Nf6 6. Nc3 d6 7. Nc2 Bg7 8. Be2
O-O 9. O-O Nd7 10. Bd2 Nc5 11. b4 Bxc3 12. Bxc3 Nxe4 13. Bb2 Be6 14. b5 Ne5 15.
Qd4 Nf6 16. f4 Ned7 17. g4 Rc8 18. Ne3 Nc5 19. f5 gxf5 20. g5 Na4 21. gxf6 Nxb2
22. fxe7 Qxe7 23. Qxb2 Rc5 24. Bd3 1-0

[Event "WY Boys-U14"]
[Site "Porto Carras GRE"]
[Date "2010.10.27"]
[Round "8.13"]
[White "Georgiadis, Nico"]
[Black "Wagner, Dennis"]
[Result "1-0"]
[WhiteElo "2262"]
[BlackElo "2166"]
[WhiteFideId "1300113"]
[BlackFideId "24650684"]
[EventDate "2010.10.20"]

1. e4 c5 2. Nc3 e6 3. f4 d5 4. Nf3 dxe4 5. Bb5+ Bd7 6. Bxd7+ Nxd7 7. Nxe4 Ngf6
8. d3 Be7 9. O-O O-O 10. Qe2 Qc7 11. b3 Nd5 12. g3 Nb4 13. Bb2 Nc6 14. Rae1 h6
15. Qg2 Rfe8 16. g4 Nf8 17. g5 hxg5 18. Ne5 Nxe5 19. fxe5 Ng6 20. Qf3 Nf4 21.
Qg4 Ng6 22. Qh5 Rad8 23. Re3 c4 24. Rh3 Bc5+ 25. Kh1 g4 26. Qh7+ Kf8 27. Rh5 Ke7
28. Rxf7+ Kxf7 29. Ng5+ Kf8 30. Qxg6 Qc6+ 31. Ne4 Kg8 32. Qh7+ Kf8 33. Rg5 Qd7
34. d4 Bb6 35. Ba3+ 1-0

[Event "WY Boys-U14"]
[Site "Porto Carras GRE"]
[Date "2010.10.27"]
[Round "8.14"]
[White "Tomici, Stefan"]
[Black "Giroyan, Gary"]
[Result "1-0"]
[WhiteElo "2051"]
[BlackElo "2244"]
[WhiteFideId "1218417"]
[BlackFideId "680281"]
[EventDate "2010.10.20"]

1. e4 c5 2. Nf3 d6 3. c3 Nf6 4. h3 Nc6 5. Bd3 e6 6. Bc2 d5 7. e5 Nd7 8. Ba4 Qc7
9. Bxc6 Qxc6 10. O-O b6 11. d3 Bb7 12. Re1 Be7 13. c4 dxc4 14. dxc4 O-O-O 15.
Qc2 g5 16. Nc3 h5 17. b4 g4 18. b5 Qc7 19. Ng5 gxh3 20. Nxh3 Rdg8 21. f3 Bh4 22.
Bf4 Rg6 23. Ne4 Bxe4 24. Qxe4 Bxe1 25. Rxe1 Rhg8 26. Re2 Qb7 27. Qe3 h4 28. Ng5
Rxg5 29. Bxg5 h3 30. gxh3 Nf8 31. Kh2 Qc7 32. f4 Ng6 33. Qe4 Kb8 34. h4 Ne7 35.
Qh7 Rf8 36. Qg7 Qd8 37. Bxe7 Qxe7 38. Qg5 Qb7 39. Rd2 Kc8 40. Qg2 Qxg2+ 41. Kxg2
f6 42. exf6 Rxf6 43. Kg3 Rg6+ 44. Kf3 Rg1 45. Rh2 Kd7 46. h5 Ke7 47. h6 Rg8 48.
h7 Rh8 49. Ke4 Kf6 50. Rh3 Kg6 51. Ke5 Kf7 52. Ra3 Rd8 53. Rxa7+ Kg6 54. Kxe6
Rd4 55. h8=Q Re4+ 56. Qe5 1-0

[Event "WY Boys-U14"]
[Site "Porto Carras GRE"]
[Date "2010.10.27"]
[Round "8.15"]
[White "Beradze, Irakli"]
[Black "Dastan, Batuhan"]
[Result "1/2-1/2"]
[WhiteElo "2242"]
[BlackElo "2087"]
[WhiteFideId "13604597"]
[BlackFideId "6300014"]
[EventDate "2010.10.20"]

1. e4 c5 2. b3 Nc6 3. Bb2 a6 4. f4 e6 5. Nf3 Nf6 6. d3 Be7 7. Nbd2 d5 8. Qe2 O-O
9. e5 Nd7 10. c4 d4 11. g3 Qa5 12. a3 b5 13. Bg2 bxc4 14. dxc4 Rb8 15. O-O Qc7
16. Qd3 a5 17. a4 Nb4 18. Qb1 Bb7 19. Ba3 Bc6 20. Bxb4 Rxb4 21. Qd3 f6 22. Rae1
f5 23. Re2 g6 24. Ne1 Bxg2 25. Rxg2 Kh8 26. Nc2 Rbb8 27. Na3 g5 28. Nb5 Qc6 29.
h3 Rg8 30. Qf3 Qxf3 31. Nxf3 h5 32. Kf2 g4 33. hxg4 hxg4 34. Ne1 Kg7 35. Rh2 Rh8
36. Rxh8 Rxh8 37. Kg2 Nb8 38. Na7 Kf7 39. Nd3 Na6 40. Nc6 Bd8 41. Na7 Ke8 42.
Nb5 Kd7 43. Nd6 Bc7 44. Nb5 Kc6 45. Rd1 Bb8 46. Rd2 Rh6 1/2-1/2

[Event "WY Boys-U14"]
[Site "Porto Carras GRE"]
[Date "2010.10.27"]
[Round "8.16"]
[White "Gagare, Shardul"]
[Black "Pirverdiyev, Aqil Kamran oglu"]
[Result "1-0"]
[WhiteTitle "FM"]
[WhiteElo "2194"]
[BlackElo "2109"]
[WhiteFideId "5037883"]
[BlackFideId "13400568"]
[EventDate "2010.10.20"]

1. c4 Nf6 2. g3 c5 3. Bg2 e6 4. Nf3 Nc6 5. O-O Qc7 6. Nc3 a6 7. b3 Be7 8. Bb2 d6
9. e3 O-O 10. d4 cxd4 11. exd4 d5 12. Qe2 Rd8 13. Rfd1 dxc4 14. bxc4 Na5 15. Ne5
Nd7 16. Nxd7 Bxd7 17. c5 Bc6 18. d5 exd5 19. Nxd5 Bxd5 20. Bxd5 Bxc5 21. Qf3 Bf8
22. Be5 Qd7 23. Bb3 Qe8 24. Bd5 Nc6 25. Bb2 Rd7 26. Re1 Qd8 27. Rad1 Qb6 28. Bb3
Qc7 29. Rxd7 Qxd7 30. Rd1 Qc7 31. Rd5 Rd8 32. Rf5 Rd7 33. Kg2 Nd8 34. Bd5 Nc6
35. h4 Bd6 36. Qg4 g6 37. h5 Kf8 38. hxg6 hxg6 39. Qxg6 Ne5 40. Qh6+ Ke8 41.
Qh8+ Ke7 42. Qf6+ Kf8 43. Bxe5 Bxe5 44. Rxe5 1-0

[Event "WY Boys-U14"]
[Site "Porto Carras GRE"]
[Date "2010.10.27"]
[Round "8.17"]
[White "Harutyunian, Tigran K."]
[Black "Bluebaum, Matthias"]
[Result "1-0"]
[WhiteElo "2063"]
[BlackElo "2191"]
[WhiteFideId "13303635"]
[BlackFideId "24651516"]
[EventDate "2010.10.20"]

1. d4 d5 2. Nf3 Nf6 3. e3 Bf5 4. c4 c6 5. Nc3 e6 6. Ne5 Nbd7 7. g4 Nxe5 8. gxf5
Nxc4 9. fxe6 fxe6 10. e4 Bb4 11. e5 Ne4 12. Qh5+ g6 13. Qh3 Qe7 14. Bxc4 dxc4
15. O-O Nxc3 16. bxc3 Ba5 17. a4 O-O 18. Ra2 Rf5 19. f4 Rh5 20. Qe3 Qh4 21. Rg2
Qh3 22. Rf3 Qf5 23. Rb2 Rb8 24. Rg3 Qf7 25. Qe2 Rf5 26. Qxc4 Qd7 27. Qd3 Bb6 28.
Kf1 Rd8 29. Ke2 c5 30. Rb5 cxd4 31. a5 Bc7 32. cxd4 a6 33. Rxb7 Qc6 34. Rb1 Qh1
35. Qf3 Qxh2+ 36. Rg2 Qh4 37. Be3 Qe7 38. Qc6 Bxa5 39. Rb7 Qe8 40. Qxa6 Ra8 41.
Qd6 Rf7 42. Rxf7 Kxf7 43. f5 Qb5+ 44. Kf2 gxf5 45. Bh6 Be1+ 46. Kg1 Bf2+ 47.
Rxf2 Rg8+ 48. Kh2 Rg4 49. Rxf5+ exf5 50. Qf6+ Ke8 51. Qf8+ Kd7 52. Qxf5+ Ke7 53.
Qxg4 Qb2+ 54. Kh3 Qc3+ 55. Kh4 Qe1+ 56. Kh5 1-0

[Event "WY Boys-U14"]
[Site "Porto Carras GRE"]
[Date "2010.10.28"]
[Round "9.1"]
[White "Laurusas, Tomas"]
[Black "Izzat, Kanan Azar oglu"]
[Result "0-1"]
[WhiteElo "2291"]
[BlackElo "2139"]
[WhiteFideId "12803731"]
[BlackFideId "13405209"]
[EventDate "2010.10.20"]

1. d4 Nf6 2. c4 g6 3. Nc3 d5 4. Nf3 Bg7 5. e3 O-O 6. b4 b6 7. b5 c5 8. Bb2 cxd4
9. exd4 Bb7 10. Be2 dxc4 11. O-O Nd5 12. Ne5 Nd7 13. Nxc4 N7f6 14. Ne5 Rc8 15.
Nxd5 Nxd5 16. Qa4 Nf4 17. Bf3 Bxf3 18. Nxf3 Qd7 19. h3 Qf5 20. Qb3 Rc2 21. Rae1
Ne2+ 22. Kh1 Rfc8 23. Qe3 Qxb5 24. Ba3 e6 25. Bd6 Nc3 26. a3 Nd5 27. Qe4 R2c3
28. Ng5 Nf6 29. Qh4 h6 30. Nf3 g5 31. Qg3 Ne4 32. Qh2 Qd5 33. Be5 f6 34. Bg3
R8c6 35. Bb8 Rxf3 36. gxf3 Nd2 37. Bxa7 Nxf1 38. Rxf1 Bf8 39. Rb1 Qxf3+ 40. Qg2
Qxg2+ 41. Kxg2 Bxa3 42. Rxb6 Rxb6 43. Bxb6 Kf7 44. Kf3 Bd6 45. Kg4 Kg6 0-1